Devinez la Capitale Mystère #89 - Statistiques

Statistiques générales
  • Ce quiz a été pris 143 fois
  • Le résultat moyen est 26 sur 35
Statistiques - réponses
Type de Réponse Réponse % Correct
Lettre Trouvée A
100%
Lettre de l'Alphabet R
99%
Lettre Trouvée E
98%
Lettre de l'Alphabet I
97%
Lettre de l'Alphabet S
97%
Lettre Trouvée L
95%
Lettre Trouvée N
94%
Lettre Trouvée O
94%
Lettre de l'Alphabet D
93%
Lettre Trouvée B
92%
Lettre Trouvée M
89%
Lettre de l'Alphabet G
88%
Lettre de l'Alphabet T
88%
Lettre Trouvée P
87%
Lettre de l'Alphabet U
83%
Lettre Bien Placée B
81%
Lettre de l'Alphabet H
81%
Lettre Bien Placée E
80%
Lettre de l'Alphabet K
79%
Lettre de l'Alphabet C
78%
Lettre Bien Placée O
73%
Lettre de l'Alphabet W
72%
Lettre Bien Placée L
64%
Lettre de l'Alphabet V
62%
Lettre de l'Alphabet Y
61%
Lettre Bien Placée A
60%
Lettre de l'Alphabet X
60%
Lettre de l'Alphabet J
58%
Lettre de l'Alphabet Z
53%
Lettre de l'Alphabet F
50%
Lettre Bien Placée N
49%
Lettre de l'Alphabet Q
47%
Lettre Bien Placée P
46%
Lettre Bien Placée M
44%
Capitale Mystère Belmopan
43%
Aucun quiz correspondant
Distribution des résultats
% des personnes avec chaque résultat
Percentile par nombre de réponses
Votre historique - résultats
Vous n’avez pas pris ce quiz